[Event "Prague Holiday K21"]
[Site "Prague"]
[Date "2012.07.26"]
[Round "7"]
[White "Powierski, Christian"]
[Black "Hadzala, Daniel"]
[Result "0-1"]
[WhiteElo "1953"]
[BlackElo "2126"]
[PlyCount "82"]
[EventDate "2012.07.22"]
[EventType "tourn"]
[EventRounds "9"]
[EventCountry "CZE"]
[SourceTitle "EXT 2023"]
[Source "ChessBase"]
[SourceDate "2022.10.05"]
[SourceVersion "1"]
[SourceVersionDate "2022.10.05"]
[SourceQuality "1"]

1. d4 Nf6 2. Nf3 d6 3. Nc3 Nbd7 4. e4 e5 5. Bc4 Be7 6. 0-0 0-0 7. Re1 c6 8. a4 a5 9. b3 Qc7 10. Ba3 Nb6 11. Be2 Bg4 12. Ng5 Bxe2 13. Rxe2 Nh5 14. Nf3 Nf4 15. Re1 Rfe8 16. g3 Ne6 17. d5 cxd5 18. Nxd5 Nxd5 19. exd5 Nc5 20. Nd2 f5 21. Qe2 Bg5 22. Bxc5 Qxc5 23. c4 Qb4 24. Nf3 Bf6 25. Rab1 e4 26. Nd2 Bc3 27. Red1 e3 28. Nf3 exf2+ 29. Qxf2 Bf6 30. Nd4 Bxd4 31. Qxd4 Re2 32. Rf1 g6 33. g4 Re4 34. Qf6 Rf8 35. Qb2 Rxg4+ 36. Kh1 Re4 37. Kg2 Rfe8 38. Rf2 Qb6 39. Qd2 Qc7 40. Rb2 b6 41. Qg5 Rg4+ 0-1

[Event "Prague Holiday K21"]
[Site "Prague"]
[Date "2012.07.22"]
[Round "1"]
[White "Pokorny, Jan1111"]
[Black "Powierski, Christian"]
[Result "1/2-1/2"]
[WhiteElo "1814"]
[BlackElo "1953"]
[PlyCount "62"]
[EventDate "2012.07.22"]
[EventType "tourn"]
[EventRounds "9"]
[EventCountry "CZE"]
[SourceTitle "EXT 2023"]
[Source "ChessBase"]
[SourceDate "2022.10.05"]
[SourceVersion "1"]
[SourceVersionDate "2022.10.05"]
[SourceQuality "1"]

1. Nf3 c5 2. b3 Nc6 3. Bb2 d6 4. e3 Bg4 5. Be2 Nf6 6. 0-0 e6 7. c4 Be7 8. d4 cxd4 9. Nxd4 Bxe2 10. Qxe2 Nxd4 11. exd4 d5 12. Nd2 0-0 13. f4 Rc8 14. Rf3 Bb4 15. Bc3 Bxc3 16. Rxc3 dxc4 17. Nf3 cxb3 18. Rxb3 Rc7 19. Rd1 Qc8 20. Qb2 Nd5 21. g3 Rc2 22. Qa3 a6 23. Rdb1 Nc3 24. R1b2 Nb5 25. Qb4 Rxb2 26. Rxb2 Rd8 27. a4 Nd6 28. Qc5 b5 29. Rc2 Nc4 30. axb5 Qxc5 31. dxc5 axb5 1/2-1/2

[Event "Berlin Lichtenrade op 06th"]
[Site "Berlin"]
[Date "2010.10.21"]
[Round "6"]
[White "Powierski, Christian"]
[Black "Schmidt, Juergen"]
[Result "1/2-1/2"]
[WhiteElo "1930"]
[BlackElo "2034"]
[PlyCount "61"]
[EventDate "2010.10.16"]
[EventType "swiss"]
[EventRounds "9"]
[EventCountry "GER"]
[SourceTitle "CBM 138 Extra"]
[Source "ChessBase"]
[SourceDate "2010.10.29"]
[SourceVersion "1"]
[SourceVersionDate "2010.10.29"]
[SourceQuality "1"]

1. e4 e5 2. Nf3 Nc6 3. Bb5 a6 4. Bxc6 dxc6 5. 0-0 Bg4 6. h3 h5 7. d3 Qf6 8. Be3 Ne7 9. Nbd2 Ng6 10. hxg4 hxg4 11. Bg5 Qe6 12. Nh2 g3 13. Ng4 Bc5 14. Qf3 Nf4 15. Rae1 Qg6 16. Qxg3 Qxg5 17. Nf3 Qh5 18. Ngh2 0-0-0 19. Qg4+ Qxg4 20. Nxg4 f6 21. g3 Ne6 22. Kg2 a5 23. Rh1 b5 24. Rxh8 Rxh8 25. Ne3 Bxe3 26. Rxe3 c5 27. Re1 Nd4 28. Nxd4 cxd4 29. a4 b4 30. b3 Kd7 31. g4 1/2-1/2

[Event "Berlin Lichtenrade op 06th"]
[Site "Berlin"]
[Date "2010.10.19"]
[Round "4"]
[White "Powierski, Christian"]
[Black "Shapiro, Yosip"]
[Result "0-1"]
[WhiteElo "1930"]
[BlackElo "2100"]
[PlyCount "74"]
[EventDate "2010.10.16"]
[EventType "swiss"]
[EventRounds "9"]
[EventCountry "GER"]
[SourceTitle "CBM 138 Extra"]
[Source "ChessBase"]
[SourceDate "2010.10.29"]
[SourceVersion "1"]
[SourceVersionDate "2010.10.29"]
[SourceQuality "1"]

1. d4 Nf6 2. Nf3 g6 3. Nc3 d5 4. Bf4 c6 5. e3 Nh5 6. Be5 f6 7. Bf4 Nxf4 8. exf4 Qc7 9. g3 Qb6 10. Na4 Qa5+ 11. c3 Bg4 12. Bg2 Nd7 13. b4 Qa6 14. Nb2 0-0-0 15. h3 Bf5 16. Bf1 Qa3 17. Qc1 Be4 18. Nd2 e5 19. dxe5 fxe5 20. f3 Bf5 21. g4 d4 22. Nd1 Qxc1 23. Rxc1 dxc3 24. Nxc3 Be6 25. b5 Ba3 26. Rc2 c5 27. Ncb1 Bb4 28. a3 Ba5 29. Bc4 Bxc4 30. Rxc4 exf4 31. Kf2 Kb8 32. Nb3 Bb6 33. Re1 Rhe8 34. N1d2 Ne5 35. Rxe5 Rxe5 36. Ne4 Rd3 37. Nbxc5 Rdd5 0-1

[Event "Karl Mala Memorial op 12th"]
[Site "Frankfurt"]
[Date "2009.07.17"]
[Round "2"]
[White "Fontana, Alexander"]
[Black "Powierski, Christian"]
[Result "1/2-1/2"]
[WhiteElo "2150"]
[BlackElo "1925"]
[PlyCount "30"]
[EventDate "2009.07.16"]
[EventType "swiss"]
[EventRounds "7"]
[EventCountry "GER"]
[SourceTitle "EXT 2010"]
[Source "ChessBase"]
[SourceDate "2010.11.25"]
[SourceVersion "1"]
[SourceVersionDate "2010.11.25"]
[SourceQuality "1"]

1. e4 c5 2. Nf3 g6 3. d3 Bg7 4. g3 Nc6 5. Bg2 d6 6. c3 e5 7. 0-0 Nge7 8. Na3 0-0 9. Nc2 d5 10. exd5 Nxd5 11. Qe2 Re8 12. Be3 b6 13. Rad1 Ba6 14. c4 Nde7 15. Nh4 Rc8 1/2-1/2